Statistics for U.S. Open Golf Champions

Click here to take the quiz!

General Stats

  • This quiz has been taken 1,460 times
  • The average score is 48 of 112

Answer Stats

HintAnswer% Correct
2000 | 2002 | 2008Tiger Woods
96%
1941Craig Wood
92%
1962 | 1967 | 1972 | 1980Jack Nicklaus
91%
1960Arnold Palmer
88%
1965Gary Player
79%
1982Tom Watson
75%
1948 | 1950 | 1951 | 1953Ben Hogan
74%
2011Rory McIlroy
72%
1994 | 1997Ernie Els
71%
1923 | 1926 | 1929 | 1930Bobby Jones
70%
1996Steve Jones
69%
1968 | 1971Lee Trevino
65%
1991 | 1999Payne Stewart
62%
2012Webb Simpson
62%
1987Scott Simpson
60%
2010Graeme McDowell
58%
2007Angel Cabrera
56%
1973Johnny Miller
56%
1939Byron Nelson
55%
1983Larry Nelson
55%
1992Tom Kite
55%
2001 | 2004Retief Goosen
55%
2003Jim Furyk
54%
1988 | 1989Curtis Strange
53%
1974 | 1979 | 1990Hale Irwin
51%
1995Corey Pavin
49%
1919Walter Hagen
48%
1986Raymond Floyd
48%
2006Geoff Ogilvy
47%
2005Michael Campbell
46%
1922 | 1932Gene Sarazen
45%
1993 | 1998Lee Janzen
45%
2009Lucas Glover
44%
1978 | 1985Andy North
43%
1984Fuzzy Zoeller
43%
1906 | 1910Alex Smith
42%
1899Willie Smith
42%
1959 | 1966Billy Casper
41%
1970Tony Jacklin
40%
1977Hubert Green
37%
1964Ken Venturi
37%
1975Lou Graham
36%
1981David Graham
36%
1913Francis Ouimet
35%
1976Jerry Pate
33%
1900Harry Vardon
32%
1914Walter Hagen
31%
1949Cary Middlecoff
31%
1952 | 1963Julius Boros
31%
1969Orville Moody
30%
1955Jack Fleck
27%
1958Tommy Bolt
27%
1940Lawson Little
26%
1961Gene Littler
23%
1920Ted Ray
22%
1931Billy Burke
22%
1927Tommy Armour
22%
1954Ed Furgol
21%
1901 | 1903 | 1904 | 1905Willie Anderson
21%
1957Dick Mayer
20%
1956Cary Middlecoff
19%
1911John McDermott
16%
1921Jim Barnes
15%
1937 | 1938Ralph Guldahl
15%
1924Cyril Walker
15%
1895Horace Rawlins
13%
1907Alec Ross
12%
1925Willie Macfarlane
12%
1933Johnny Goodman
12%
1946Lloyd Mangrum
12%
1912John McDermott
12%
1928Johnny Farrell
11%
1897Joe Lloyd
11%
1898Fred Herd
11%
1902Laurie Auchterlonie
11%
1935Sam Parks, Jr.
11%
1909George Sargent
11%
1916Chick Evans
11%
1934Olin Dutra
11%
1947Lew Worsham
11%
1908Fred McLeod
10%
1896James Foulis
10%
1915Jerome Travers
10%
1936Tony Manero
9%

Score Distribution

Percentile by Number Answered

Percent of People with Each Score

Your Score History

You have not taken this quiz